Microeconomics (Record no. 347942)

000 -LEADER
fixed length control field 00395 a2200157 4500
020 ## - INTERNATIONAL STANDARD BOOK NUMBER
International Standard Book Number 9780070590557
022 ## - INTERNATIONAL STANDARD SERIAL NUMBER
International Standard Serial Number 0070590559
082 ## - DEWEY DECIMAL CLASSIFICATION NUMBER
Classification number 338.5
090 ## - LOCALLY ASSIGNED LC-TYPE CALL NUMBER (OCLC); LOCAL CALL NUMBER (RLIN)
-- 5538
-- 5538
100 ## - MAIN ENTRY--PERSONAL NAME
Personal name Maddala,G.S.
245 ## - TITLE STATEMENT
Title Microeconomics
Remainder of title Theory and Applications
Statement of responsibility, etc. G.S.Maddala
260 ## - PUBLICATION, DISTRIBUTION, ETC.
Place of publication, distribution, etc. New Delhi
Name of publisher, distributor, etc. Tata McGraw-Hill
Date of publication, distribution, etc. 2004
300 ## - PHYSICAL DESCRIPTION
Extent 634p
500 ## - GENERAL NOTE
General note Paper cover
942 ## - ADDED ENTRY ELEMENTS (KOHA)
Institution code [OBSOLETE] NBS
Koha item type Book
Call number prefix 338.5 MAD
Holdings
Withdrawn status Lost status Damaged status Not for loan Permanent Location Current Location Date acquired Total Checkouts Full call number Barcode Checked out Date last seen Date last checked out Price effective from Koha item type
        Central Library (CL) Central Library (CL) 08/28/2013 5 338.5 MAD NBS8513 10/26/2018 10/11/2018 10/11/2018 08/28/2013 Book
© 2023 Central Library, National University of Sciences and Technology. All Rights Reserved.